Породы собак - Армагеддон - Statistics

General Stats
  • This quiz has been taken 195 times
  • The average score is 10 of 31
Answers on the Grid
Answers color-coded by a green-red scale on the quiz's grid according to % correct below.
Чихуахуа
Рэгдолл
Доберман
Рагамаффин
Ши-тцу
Бишон фризе
Саванна
Хауси
Скайтерьер
Харьер
Пудель
Грейхаунд
Дункер
Серенгети
Болоньез
Клейдесдаль
Салюки
Корат
Мейн-кун
Веттерхун
Гавана
Кромфорлендер
Пекинес
Донской сфинкс
Пасо-фино
Бульмастиф
Шарпей
Тойгер
Сококе
Турецкий ван
Сноу-шу
Мопс
Питерболд
Сенбернар
Хакнэ
Першерон
Фалабелла
Барбет
Такса
Девон-рекс
Бигль
Веймаранер
Канаани
Минскин
Бладхаунд
Пуатевин
Аппалуза
Джэбе
Брамби
Акита
Клеппер
Чау-чау
Катхиявари
Делибоз
Басенджи
Далматин
Нибелунг
Оцикет
Босерон
Ротвейлер
 
Answer Stats
Answer % Correct
Чихуахуа
79%
Доберман
76%
Пудель
63%
Ши-тцу
59%
Такса
57%
Мопс
56%
Ротвейлер
56%
Бигль
50%
Чау-чау
50%
Далматин
50%
Пекинес
48%
Шарпей
44%
Акита
44%
Бульмастиф
39%
Сенбернар
37%
Грейхаунд
36%
Скайтерьер
31%
Бладхаунд
28%
Бишон фризе
25%
Басенджи
24%
Болоньез
18%
Салюки
17%
Босерон
13%
Веймаранер
11%
Сноу-шу
10%
Веттерхун
8%
Харьер
5%
Кромфорлендер
5%
Дункер
4%
Барбет
2%
Пуатевин
1%
No matching quizzes found
Score Distribution
Percent of People with Each Score
Percentile by Number Answered
Your Score History
You have not taken this quiz